000 00675nam a2200265Ia 4500
005 20260121165726.0
008 008 260114s9999 xx 000 0 eng d
020 _a9783319528335
037 _aEBOOK
040 _aCRL
040 _beng
040 _cCRL
041 _2eng
041 _aeng
084 _qCRL
100 _aFerran Izquierdo Brichs, John Etherington, Laura Feliu
_91055261
245 0 _aPolitical Islam in a Time of Revolt
260 _bSpringer
260 _bSpringer
260 _c2017
856 _uhttps://link.springer.com/openurl?genre=book&isbn=978-3-319-52833-5
942 _cEBOOK
999 _c1620989
_d1620989